| 000 | 01787nam0a2200373 4500 | ||
|---|---|---|---|
| 001 | RU\NLR\BIBL_A\010704312 | ||
| 005 | 20250614090156.0 | ||
| 010 |
_a978-5-17-085015-0 _b7БЦ+CD |
||
| 010 |
_a978-5-17-088747-7 _bКомплект _91500 |
||
| 021 |
_aRU _b2015-6212 _9391 |
||
| 035 | _a(NILC)RuMoRGB-007861851 | ||
| 035 | _a(NLR Aleph) 010704312 | ||
| 090 |
_a9735336 _c9735336 |
||
| 100 | _a20150320d2015 |||y0rusy50 ca | ||
| 101 | 0 | _arus | |
| 102 | _aRU | ||
| 105 | _aa|||z|||000yd | ||
| 200 | 1 |
_aОт минус 9 месяцев до 1 года и не только _eинновационная методика раннего эмбрионального воспитания _e[после родов уже поздно, техники японских ученых по разумному внутриутробному развитию, методика "Неонатальное общение" _fавт.-сост. С. Кузина] |
|
| 210 |
_aМосква _cАСТ _d2015 |
||
| 215 |
_a333, [2] с. _cцв. ил. _d24 |
||
| 225 | 1 | _aВремена | |
| 333 | _a16+ | ||
| 606 | 1 |
_aГрудные дети _jПопулярные издания _xВоспитание в семье _92534562 _3RU\NLR\AUTH\661501062 |
|
| 606 | 1 |
_aПеринатальная педагогика _jПопулярные издания _92229770 _3RU\NLR\AUTH\6601570972 |
|
| 610 | 0 | _aмладенчество | |
| 686 | 1 | _aЧ30в.я9 | |
| 686 | 1 | _aЧ491.31-111я9 | |
| 702 | 1 |
_4220 _aКузина _bС. В. _cжурналист _f1969- _gСветлана Валерьевна _9143952 _3RU\NLR\AUTH\770143988 |
|
| 801 | 0 |
_aRU _bРГБ _c20150206 _gRCR |
|
| 801 | 1 |
_aRU _bРГБ _c20150206 _2rusmarc |
|
| 942 | _cBOOK | ||
| 980 | _aNB | ||